000 00716cam a2200217 4500
008 000000n2000 000 0 eng u
020 _a1900858479
035 _a(Sirsi) u105266
041 _aeng
050 _a690.24
110 _aBuilding Maintenance Information
_93229
245 _aReview of maintenance costs.
260 _aLondon
_bBMI
_c2000
300 _a51p. ; 30cm.
490 _aSerial
_v288
520 _aThis item is part of a subscription service and cannot be photocopied. Neither can any part of it be read out over the phone. Please contact BMI direct on 020 7222 7000.
650 _aMAINTENANCE COST INDICES
650 _aMAINTENANCE COSTS
690 _aBUILT ENVIRONMENT
942 _n0
999 _c100345
_d100345